Building the city with the people : (Record no. 6337)

MARC details
000 -LEADER
fixed length control field 00776nam a22002292 4500
001 - CONTROL NUMBER
control field 0000003293
005 - DATE AND TIME OF LATEST TRANSACTION
control field 20151217151921.0
008 - FIXED-LENGTH DATA ELEMENTS--GENERAL INFORMATION
fixed length control field 070503s xx 000 0 eng d
020 ## - INTERNATIONAL STANDARD BOOK NUMBER
Terms of availability KES 980
040 ## - CATALOGING SOURCE
Original cataloging agency KABU
Transcribing agency KABU
050 #0 - LIBRARY OF CONGRESS CALL NUMBER
Classification number HT166
Item number .B85
245 10 - TITLE STATEMENT
Title Building the city with the people :
Remainder of title new trends in community initiatives in cooperation with local governments.
260 ## - PUBLICATION, DISTRIBUTION, ETC. (IMPRINT)
Place of publication, distribution, etc. Mexico :
Name of publisher, distributor, etc. Habitat International Coalition,
Date of publication, distribution, etc. 1997.
300 ## - PHYSICAL DESCRIPTION
Extent 208 p. :
Other physical details ill. ;
Dimensions 22 cm.
650 #0 - SUBJECT ADDED ENTRY--TOPICAL TERM
Topical term or geographic name as entry element Cities and towns.
-- 0000153077
650 #0 - SUBJECT ADDED ENTRY--TOPICAL TERM
Topical term or geographic name as entry element Community organization.
-- 0000153079
650 #0 - SUBJECT ADDED ENTRY--TOPICAL TERM
Topical term or geographic name as entry element Sociology, Urban.
-- 0000153084
710 2# - ADDED ENTRY--CORPORATE NAME
Corporate name or jurisdiction name as entry element Habitat International Coalition.
-- 0000153085
908 ## - PUT COMMAND PARAMETER (RLIN)
Put command parameter 070503
950 ## - LOCAL HOLDINGS (RLIN)
-- 1
Holdings
Withdrawn status Lost status Source of classification or shelving scheme Not for loan Home library Current library Date acquired Total Checkouts Full call number Barcode Date last seen Price effective from Koha item type
    Library of Congress Classification   Kabarak, Main Campus Kabarak, Main Campus 17/12/2015   HT166 .B85 004725 17/12/2015 17/12/2015 General Collection
Designed with assistance from East African Informatics Ltd